Lebanon in crisis : participants and issues /

Bibliographic Details
Other Authors: Haley, P. Edward, Snider, Lewis W.
Format: Book
Language:English
Published: Syracuse, N.Y. : Syracuse University Press, 1979.
Series:Contemporary issues in the Middle East.
Subjects:

MARC

Tag First Indicator Second Indicator Subfields
LEADER 00000cam a22000008i 4500
001 in00000264607
005 20151010054222.0
008 790228s1979 nyub b 00100 eng
010 |a  79011204  
020 |z 0815622104. 
020 |a 0815622139 (pbk.) 
035 |a (OCoLC)04774851 
035 |9 ABC7151AM 
040 |a DLC  |c DLC  |d TXA  |d UtOrBLW 
043 |a a-le---  |a aw----- 
049 |a TXAM  |c [1157507] 
050 0 0 |a DS87.5  |b .L4 
082 0 |a 956.92/04 
245 0 0 |a Lebanon in crisis :  |b participants and issues /  |c edited by P. Edward Haley and Lewis W. Snider. 
263 |a 7904 
264 1 |a Syracuse, N.Y. :  |b Syracuse University Press,  |c 1979. 
300 |a xvi, 323 pages :  |b map ;  |c 24 cm. 
336 |a text  |b txt  |2 rdacontent 
337 |a unmediated  |b n  |2 rdamedia 
338 |a volume  |b nc  |2 rdacarrier 
490 1 |a Contemporary issues in the Middle East 
504 |a Includes bibliographical references and index. 
651 0 |a Lebanon  |x History  |y Civil War, 1975-1990. 
651 0 |a Lebanon  |x History  |y Civil War, 1975-1990  |x Diplomatic history. 
651 0 |a Middle East  |x Politics and government  |y 1945- 
700 1 |a Haley, P. Edward. 
700 1 |a Snider, Lewis W. 
830 0 |a Contemporary issues in the Middle East. 
999 |a MARS 
999 f f |s c6f08d5b-bfae-311d-bb31-aad36dc7137a  |i 56d0f667-6565-362f-87ad-39dd04fb2caf  |t 0 
952 f f |p normal  |a Texas A&M University  |b College Station  |c Sterling C. Evans Library  |d Evans: Library Stacks  |t 0  |e DS87.5 .L4  |h Library of Congress classification  |i unmediated -- volume  |m A14802028899 
998 f f |a DS87.5 .L4  |t 0  |l Evans: Library Stacks